ホロメン、どっちが身長が高い? Which hololive member is taller? - Statistics

General Stats
  • This quiz has been taken 28 times
  • The average score is 6 of 15
Answer Stats
Question Answer % Correct
ラプラスとルーナ Laplus or Luna ルーナ  Luna
83%
笑虎と青くん Niko or Ao 笑虎  Niko
58%
カリオペとクロニー Calli or Kronii クロニー Kronii
54%
ホロメンで背が一番高いのは誰? Who is the tallest hololive member? ココ   Coco
46%
シオリとファウナ Shiori or Fauna ファウナ Fauna
46%
かなたとマリン Kanata or Marine マリン Marine
42%
トワとベールズ Towa or Baelz トワ   Towa
42%
ぐらとビジュー Gura or Bijou ぐら   Gura
38%
ロボ子とはじめ Roboco or Hajime はじめ Hajime
38%
ムメイと伊那尓栖(イナニス) Mumei or Ina'nis ムメイ  Mumei
38%
ラミィとねね Lamy or Nene ねね  Nene
33%
アキロゼと莉々華 Aki or Ririka 同じ   Same
21%
フブキとゼータ Fubuki or Zeta 同じ  Same
21%
あくあとクロヱ Aqua or Chloe 同じ  Same
13%
ぼたんとIRyS Botan or IRyS 同じ  Same
13%
No matching quizzes found
Score Distribution
Percent of People with Each Score
Percentile by Number Answered
Your Score History
You have not taken this quiz